000
00515nam a2200157Ia 4500
008
090711s9999 xx 000 0 und d
082
_b
18115
100
_a
करंदीकर गो. वि.
245
_a
स्पर्शाती पालखी
300
_a
128
600
_a
करंदीकर गो. वि.
630
_a
स्पर्शाती पालखी
700
_a
करंदीकर गो. वि.
730
_a
स्पर्शाती पालखी
942
_c
BOOK
999
_c
299461
_d
299461